Etika, jej princípy a korupcia v zdravotníctve

Etika, etický kódex. Definovanie etického kódexu, charakteristické znaky etického kódexu. Korupcia v zdravotníctve. Hlavné dôvody poskytovania a akceptovania úplatkov v zdravotníctve.

Guardado en:
Detalles Bibliográficos
Autor principal: Pokrífková, Jana, 1979-
Formato: Capítulo de libro
Lenguaje:eslovaco
Materias:
Etiquetas: Agregar Etiqueta
Sin Etiquetas, Sea el primero en etiquetar este registro!

MARC

LEADER 00000naa$a2200000$$$4500
001 0042112
005 20240502071513.4
041 0 |a slo 
044 |a SK 
245 1 0 |a Etika, jej princípy a korupcia v zdravotníctve  |c Jana Pokrifková 
520 |a Etika, etický kódex. Definovanie etického kódexu, charakteristické znaky etického kódexu. Korupcia v zdravotníctve. Hlavné dôvody poskytovania a akceptovania úplatkov v zdravotníctve. 
610 2 0 |a etika 
610 2 0 |a kódexy etické 
610 2 0 |a zdravotníctvo 
610 2 0 |a korupcia 
100 1 |a Pokrífková, Jana, 1979-